The most illustrious Prince Fredericke, by the grace of God King of Bohemia, Count Palatine of the Rhine, Prince Elector Duke of Bauaria, Marquis of Morauia, Duke of Silesia, Marquis of Lusatia, &c. : And of the high and mighty Princesse Elizabeth his Queene..

Bibliographic Details
Other Authors: Waters, George (Printer)
Format: eBook
Language:English
Published: [Dordrecht?] : Printed at Dort by George Waters., 1619.
Series:Early English books online.
Subjects:
Online Access:Connect to the full text of this electronic book

MARC

Tag First Indicator Second Indicator Subfields
LEADER 00000nam a2200000Ia 4500
001 in00004184841
005 20200807085420.0
006 m g d
007 cr bn |||a|bb|
008 150414s1619 ne a o 000 0 eng d
040 |a UMI  |e dcrmb  |c UMI 
035 |a (OCoLC)907300796 
037 |a CL0036000092  |b ProQuest, 789 E. Eisenhower Parkway, Ann Arbor, MI 48108-3218 
050 4 |a DB2137 
049 |a UMIA 
245 0 4 |a The most illustrious Prince Fredericke, by the grace of God King of Bohemia, Count Palatine of the Rhine, Prince Elector Duke of Bauaria, Marquis of Morauia, Duke of Silesia, Marquis of Lusatia, &c. :  |b And of the high and mighty Princesse Elizabeth his Queene.. 
246 1 |i First line of text:  |a Thou metropolitan citty of the states 
260 |a [Dordrecht?] :  |b Printed at Dort by George Waters.,  |c 1619. 
300 |a 1 online resource (1 sheet ([1] pages) :  |b illustrations. 
336 |a text  |b txt  |2 rdacontent 
337 |a computer  |b c  |2 rdamedia 
338 |a online resource  |b cr  |2 rdacarrier 
500 |a In verse. 
500 |a Printed in three columns. 
500 |a Woodcut, with letterpress verses. 
500 |a Reproduction of original in: Society of Antiquaries of London. Library. 
510 4 |a STC (2nd edition),  |c 11360.3 
510 4 |a ESTC,  |c S92591 
533 |a Electronic reproduction.  |b Ann Arbor, Mich. :  |c UMI,  |d 1999-  |f (Early English books online)  |n Digital version of: (Early English Books, 1475-1640 ; 2431:32)  |7 s1999 miun s 
600 0 0 |a Frederick  |b I,  |c King of Bohemia,  |d 1596-1632  |v Poetry. 
600 0 0 |a Elizabeth,  |c Queen, consort of Frederick I, King of Bohemia,  |d 1596-1662  |v Poetry. 
700 1 |a Waters, George,  |e printer. 
752 |a Netherlands  |d Dordrecht 
830 0 |a Early English books online. 
856 4 0 |u http://proxy.library.tamu.edu/login?url=https://search.proquest.com/docview/2240905512  |z Connect to the full text of this electronic book  |t 0 
994 |a 02  |b UMI 
999 f f |s d871bceb-ff87-39a4-9823-d33f1ee8167b  |i 535865d7-7031-3b44-932e-246afb17f237  |t 0 
952 f f |a Texas A&M University  |b College Station  |c Electronic Resources  |d Available Online  |t 0  |e DB2137  |h Library of Congress classification 
998 f f |a DB2137  |t 0  |l Available Online